| 000 | 00970cab a22001935a 4500 | ||
|---|---|---|---|
| 001 | L145041 | ||
| 008 | 080902e20080822xxka f 000 0 eng d | ||
| 035 | _a(Sirsi) u145041 | ||
| 041 | 0 | _aeng | |
| 110 | 2 |
_aPlanning _9418 |
|
| 245 | 0 | 0 | _aReaching a settlement |
| 260 | _c2008 | ||
| 490 |
_aPlanning _v(1783) 22 August 2008, 16-17(2) |
||
| 520 | _aDiscusses mediation aimed at keeping planning arangements on track, with the authors saying that a reduction in formalised disputes should not be difficult to achieve. Advocates more intervention from the guidance and reccomends various areas for improvement, such as a revised costs circular or the speeding up of inquiries procedure rules for mediation in the planning process. | ||
| 650 | 2 | 4 | _aBARKER REVIEW OF LAND USE PLANNING |
| 651 | 4 |
_aEngland and Wales _y1543- |
|
| 690 | _aMANAGEMENT-DISPUTE AVOIDANCE, MANAGEMENT AND RESOLUTION-DISPUTE MANAGEMENT AND RESOLUTION-ALTERNATIVE DISPUTE RESOLUTION | ||
| 942 | _n0 | ||
| 999 |
_c80686 _d80686 |
||